| 000 | 00938nam a2200277 a 4500 | ||
|---|---|---|---|
| 001 | 59941 | ||
| 003 | BD-RjUL | ||
| 005 | 20211209080803.0 | ||
| 008 | 161228s2008 caua b 001 0 eng | ||
| 020 | _a9781412953658 (pbk.) | ||
| 035 | _a(BD-RjUL)60065 | ||
| 040 |
_aDLC _cDLC _dDLC _beng |
||
| 041 | _aeng | ||
| 082 | 0 | 0 |
_a364 _222 _bHAI 2008 |
| 100 | 1 |
_aHagan, Frank E. _9178295 |
|
| 245 | 1 | 0 |
_aIntroduction to criminology : _btheories, methods, and criminal behavior / _cFrank E. Hagan. |
| 250 | _a6th ed. | ||
| 260 |
_aThousand Oaks, Calif. : _bSage Publications, _cc2008. |
||
| 300 |
_axxii, 534 p. : _bill. ; _c26 cm. |
||
| 504 | _aIncludes bibliographical references (p. [483]-514) and index. | ||
| 650 | 0 |
_aCriminology. _9176527 |
|
| 650 | 0 |
_aCriminology _zUnited States. _9178296 |
|
| 856 | 4 | 1 |
_3Table of contents only _uhttp://www.loc.gov/catdir/toc/ecip0712/2007008884.html |
| 942 |
_2ddc _cBK |
||
| 999 |
_c59941 _d59941 |
||